[Event "URS Spartakiad"]
[Site "URS"]
[Date "1979.??.??"]
[Round "?"]
[White "Azmaiparashvili, Zurab"]
[Black "Eolian, Levon S"]
[Result "1/2-1/2"]
[WhiteElo "2200"]
[BlackElo "2200"]

1.c4 e6 2.g3 d5 3.Nf3 Nf6 4.Bg2 dxc4 5.Qa4+ Nbd7 6.Qxc4 c5 7.Qc2 b6 8.O-O Bb7
9.Nc3 a6 10.d4 Rc8 11.Rd1 b5 12.dxc5 Bxc5 13.a3 Ne4 14.e3 Nxc3 15.Qxc3 Qf6
16.Ne5 Be7 17.Nxd7 Qxc3 18.bxc3 Bxg2 19.Kxg2 Rd8 20.a4 bxa4 21.Rxa4 Rxd7
22.Rxd7 Kxd7 23.Rxa6 Rb8 24.Ra7+ Ke8 25.Kf3 f5 26.Ba3 Bf6 27.Bb4 Rc8 28.Ke2 Rd8
29.Ra2 Kd7 30.Ra6 Rc8 31.Kd3 Rc6 32.Ra7+ Rc7 33.Rxc7+ Kxc7 34.c4 g6 35.Bc3 Be7
36.e4 Kc6 37.Bd4 Bd6 38.Ke3 Be7 39.exf5 exf5 40.Kf3 Bd6 41.Ke3 Bc7 42.Kd3 Bd6
43.Bf6 Bc5 44.f3 Bg1 45.h3 Bf2 46.g4 Bb6 47.Bg5 Ba7 48.Bh6 Bb6 49.gxf5 gxf5
50.h4 Bf2 51.h5 Bb6 52.Bg7 Ba7 53.Bf8 Bg1 54.Be7 Bb6 55.c5 Bxc5 56.Bxc5 Kxc5
57.Ke3 Kd6 58.Kf4 Ke7 59.Kg5 Kf8 60.Kxf5 Kf7 61.Kf4 Kf6 62.Kg4 Ke6 63.Kg5 Kf7
64.Kf5 Ke7 65.Ke5 Kf7 66.Kd6 Kf6 67.Kd7 Kf7 68.h6 Kg6 69.f4 Kf7 70.Kd8 Kf8
71.Kd7 Kf7 72.f5 Kf6 73.Ke8 Kxf5 74.Kf7 Ke5 75.Kg7 Ke6 76.Kxh7 Kf7 77.Kh8 Kf8  1/2-1/2

[Event "URS Spartakiad"]
[Site "URS"]
[Date "1979.??.??"]
[Round "?"]
[White "Klovsky, Rafail"]
[Black "Azmaiparashvili, Zurab"]
[Result "0-1"]
[WhiteElo "2200"]
[BlackElo "2200"]

1.e4 c5 2.Nc3 d6 3.f4 e6 4.Nf3 Nc6 5.Bb5 Bd7 6.Bxc6 Bxc6 7.d3 Nf6 8.O-O Be7
9.e5 Nd7 10.exd6 Bxd6 11.Qe1 O-O 12.Ne5 Nxe5 13.fxe5 Bc7 14.Bf4 Qd4+ 15.Kh1 f6
16.Qg3 Bxe5 17.Bxe5 Qxe5 18.Qxe5 fxe5 19.Kg1 Rxf1+ 20.Rxf1 e4 21.Nxe4 Bxe4
22.dxe4 Rd8 23.c3 Rd3 24.g3 b6 25.Kg2 Re3 26.Kf2 Rxe4 27.Rd1 Ra4 28.a3 b5
29.Ke3 a5 30.Rf1 b4 31.axb4 cxb4 32.c4 Ra2 33.Rb1 a4 34.c5 Kf7 35.Kd4 Ke7
36.Kc4 a3 37.bxa3 bxa3 38.Kb3 Rxh2 39.Kxa3 Kd7 40.Kb4 Kc6 41.Re1 Rb2+ 42.Kc4 Rc2+
43.Kd4 Kd7 44.Ra1 Ke7 45.Rf1 Ra2 46.Kc4 Ra3 47.Rg1 Kd7 48.Kb4 Rf3 49.Kb5 h5
50.Rg2 g6 51.Rg1 Rb3+ 52.Kc4 Rf3 53.Kb5 Kc7 54.Rg2 e5 55.Rg1 e4 56.Kc4 Rd3
57.g4 h4 58.Re1 h3 59.Rxe4 h2 60.Re7+ Rd7 61.Re1 g5 62.Rh1 Rd2 63.Kc3 Ra2
64.Kd3 Kc6 65.Ke4 Kxc5 66.Kf5 Kd4 67.Kxg5 Ke4 68.Kh4 Kf3 69.Kh3 Ra8 70.Kh4 Kg2
71.Rd1 h1=Q+ 72.Rxh1 Kxh1 73.Kg3 Ra4 74.Kh4 Kg2 75.Kh5 Kf3 76.g5 Kf4 77.g6 Kf5
78.g7 Ra1  0-1

[Event "URS-ch U26"]
[Site "Riga"]
[Date "1980.??.??"]
[Round "?"]
[White "Azmaiparashvili, Zurab"]
[Black "Ivanov, Alexander"]
[Result "1/2-1/2"]
[WhiteElo "2415"]
[BlackElo "2425"]

1.c4 Nf6 2.g3 c6 3.Nf3 d5 4.b3 Bg4 5.Bg2 e6 6.O-O Bd6 7.Bb2 Nbd7 8.d3 Qe7
9.Nbd2 Ba3 10.Bxa3 Qxa3 11.h3 Bxf3 12.Bxf3 O-O 13.d4 a5 14.Qc2 a4 15.b4 e5
16.dxe5 Nxe5 17.Rab1 Rfd8 18.cxd5 Nxf3+ 19.Nxf3 Nxd5 20.Ng5 g6 21.e4 Qc3
22.Rfc1 Qxc2 23.Rxc2 Nc7 24.e5 Rd4 25.Nf3 Rd5 26.Rd2 Rad8 27.Rbd1 a3  1/2-1/2

[Event "URS-ch U26"]
[Site "Riga"]
[Date "1980.??.??"]
[Round "?"]
[White "Azmaiparashvili, Zurab"]
[Black "Gavrikov, Viktor"]
[Result "0-1"]
[WhiteElo "2415"]
[BlackElo "2365"]

1.Nf3 Nf6 2.c4 g6 3.g3 Bg7 4.Bg2 d5 5.O-O O-O 6.cxd5 Nxd5 7.Nc3 Nc6 8.d4 Nb6
9.e3 e5 10.d5 Ne7 11.e4 Bg4 12.a4 c6 13.a5 Nc4 14.Qb3 Nxa5 15.Qa2 b6 16.b4 Nb7
17.Bg5 c5 18.d6 Nxd6 19.Nd5 Nxd5 20.Bxd8 Nxb4 21.Qb2 Rfxd8 22.h3 Be6 23.Rfd1 a5
24.Ng5 Bc4 25.Qc3 Be2 26.Re1 Bd3 27.Bf1 Nb5 28.Qc1 Bxf1 29.Kxf1 Nd4 30.Qc4 Ra7
31.Red1 Rc8 32.Kg2 Nbc2 33.Rac1 b5 34.Qd5 c4 35.Rxc2 Nxc2 36.Ne6 Bf6 37.Qd6 Nb4
38.Qb6 Ra6 39.Qb7 Raa8 40.Nc5 c3 41.Nd7 Bg7 42.Ra1 c2 43.Rxa5 Rab8 44.Nxb8 c1=Q
45.Ra8 Rf8 46.Nd7 Qc6 47.Qxc6 Nxc6 48.Nxf8 Bxf8 49.Kf3 b4 50.Ke3 Kg7 51.Kd3 b3
52.f4 h5 53.fxe5 Bb4 54.Ra4 Nxe5+ 55.Ke3 Bc3 56.Ra7 Bd4+  0-1

[Event "URS-ch U26"]
[Site "Riga"]
[Date "1980.??.??"]
[Round "?"]
[White "Azmaiparashvili, Zurab"]
[Black "Chekhov, Valery A"]
[Result "1-0"]
[WhiteElo "2415"]
[BlackElo "2410"]

1.c4 Nf6 2.g3 g6 3.Bg2 Bg7 4.Nc3 O-O 5.d3 c5 6.e4 Nc6 7.Nge2 d6 8.O-O a6
9.h3 Rb8 10.a4 Ne8 11.Be3 Nd4 12.Rb1 Bd7 13.b4 cxb4 14.Rxb4 Qa5 15.Qb1 Nc2
16.Rxb7 Rxb7 17.Qxb7 Nxe3 18.fxe3 Nc7 19.d4 e5 20.Kh2 Bc8 21.Qc6 exd4 22.exd4 Bxd4
23.Nxd4 Qxc3 24.Qxd6 Qxc4 25.Nc6 Ne6 26.Ne7+ Kg7 27.Qe5+ f6 28.Qd5 Qc7 29.Nxc8 Qxc8
30.Qd6 Re8 31.e5 f5 32.Rb1 Kh6 33.Qd2+ g5 34.Rb6 Qc5 35.Rxa6 Qxe5 36.Bf3 Re7
37.h4 f4 38.gxf4 gxf4 39.Qd5 Qe3 40.Qg5+  1-0

[Event "URS-FL49"]
[Site "Volgodonsk"]
[Date "1981.??.??"]
[Round "7"]
[White "Gorelov, Sergey G"]
[Black "Azmaiparashvili, Zurab"]
[Result "1/2-1/2"]
[WhiteElo "2420"]
[BlackElo "2390"]

1.e4 c5 2.c3 d6 3.d4 Nf6 4.dxc5 Nc6 5.Nd2 dxc5 6.Ngf3 g6 7.g3 Bg7 8.Bg2 Qd3
9.Bf1 Qd7 10.Bg2 Qd3 11.Bf1 Qd7 12.Bg2 Qd3  1/2-1/2

[Event "URS-FL49"]
[Site "Volgodonsk"]
[Date "1981.??.??"]
[Round "8"]
[White "Azmaiparashvili, Zurab"]
[Black "Rashkovsky, Nukhim N"]
[Result "1/2-1/2"]
[WhiteElo "2390"]
[BlackElo "2540"]

1.c4 e6 2.d4 Nf6 3.Nc3 Bb4 4.e3 Nc6 5.Ne2 d5 6.Ng3 e5 7.a3 exd4 8.axb4 dxc3
9.bxc3 O-O 10.cxd5 Nxd5 11.Qc2 Re8 12.Bd3 Qh4 13.O-O Ne5 14.Rd1 Nxd3 15.Qxd3 Be6
16.Bb2 Nb6 17.Qd4 Qxd4 18.cxd4 Bd5 19.Ne2 Bc4 20.Ng3 Bd5 21.Ne2 Bc4 22.Ng3  1/2-1/2

[Event "URS-FL49"]
[Site "Volgodonsk"]
[Date "1981.??.??"]
[Round "11"]
[White "Anikaev, Yuri N"]
[Black "Azmaiparashvili, Zurab"]
[Result "1/2-1/2"]
[WhiteElo "2425"]
[BlackElo "2390"]

1.d4 d5 2.c4 e6 3.Nc3 Nf6 4.Bg5 Be7 5.e3 O-O 6.Nf3 h6 7.Bh4 b6 8.Rc1 Bb7
9.cxd5 Nxd5 10.Nxd5 Bxd5 11.Bxe7 Qxe7 12.Bc4 Bb7 13.O-O Rc8 14.Qe2 a6 15.Ne5 Nd7
16.Nxd7 Qxd7 17.Rfd1 Qe7 18.Rc2 c5 19.dxc5  1/2-1/2

[Event "URS-FL49"]
[Site "Volgodonsk"]
[Date "1981.??.??"]
[Round "14"]
[White "Azmaiparashvili, Zurab"]
[Black "Mikhalchishin, Adrian"]
[Result "1/2-1/2"]
[WhiteElo "2390"]
[BlackElo "2545"]

1.d4 Nf6 2.Nf3 e6 3.g3 b5 4.Bg2 Bb7 5.O-O Be7 6.c3 O-O 7.Bg5 c5 8.dxc5 Bxc5
9.Qd3 a6 10.a4 b4 11.cxb4 Bxb4 12.Ne5 d5 13.Qb3 a5 14.Na3 Nc6 15.Ng4 Ba6
16.Nb5 Be7 17.Bxf6 Bxf6 18.e4 Rb8 19.Rfd1 Nd4 20.Nxf6+ Qxf6 21.Rxd4 Bxb5
22.Qc3 Rfc8 23.Qd2 Rc4 24.Rxc4 Bxc4 25.Rb1 g6 26.exd5 exd5 27.Qxa5 Rxb2 28.Rxb2 Qxb2
29.Qe1 h5 30.Bf1 Bxf1 31.Qxf1 d4 32.a5 Qa3 33.a6 d3 34.a7 Qxa7 35.Qxd3 Qc5
36.h4 Kg7 37.Qf3 Qd4 38.Kg2 Kg8 39.Qa8+ Kg7 40.Qf3 Kg8 41.Qa8+ Kh7 42.Qb7 Kg7
43.Qf3 Kg8 44.Qa8+ Kg7 45.Qf3 Kg8 46.Qa8+ Kg7 47.Qf3  1/2-1/2

[Event "URS-FL49"]
[Site "Volgodonsk"]
[Date "1981.??.??"]
[Round "16"]
[White "Azmaiparashvili, Zurab"]
[Black "Gufeld, Eduard"]
[Result "1/2-1/2"]
[WhiteElo "2390"]
[BlackElo "2520"]

1.c4 e5 2.g3 Nc6 3.Bg2 g6 4.Nc3 Bg7 5.d3 d6 6.Rb1 Be6 7.b4 Qd7 8.Bd2 Nge7
9.Nd5 O-O 10.Qc1 Nd8 11.b5 Nf5 12.Nf3 c6 13.Nc3 f6 14.bxc6 Nxc6 15.O-O Nfe7
16.Rb5 b6 17.Qa3 Rad8 18.Nd5 g5 19.Bc3 Ng6 20.Rfb1 Bh3 21.Bh1 Nf4 22.Qb2 Ne6
23.a4 f5 24.a5 e4 25.Nxg5 Nxg5 26.Nf6+ Rxf6 27.Bxf6 Ne5 28.Bxe5 Bxe5 29.d4 Bf6
30.axb6 axb6 31.Qd2 Qg7 32.Rxb6 Bxd4 33.Rb8 Nf7 34.R1b7 Qf6 35.Bg2 Bxg2 36.Kxg2 Rxb8
37.Rxb8+ Kg7 38.e3 Bc5 39.Qd5 Qg6 40.Rb7 Kf6 41.h3 Ng5 42.Qd1 Nf7 43.Qa1+ Ne5
44.Qa8 Nf7 45.Qa1+ Ne5 46.Qa8 Nf7 47.Qf8 Qh5 48.Qe7+ Kg7 49.Qe6 Qf3+ 50.Kg1 Qd1+
51.Kh2 Qh5 52.Qd5 Bxe3 53.Qxd6 Bxf2 54.c5 f4 55.Qxf4 Bxc5 56.Qxe4 Bd6 57.h4 Qg6
58.Qd4+ Kg8 59.Qf2 Qe6 60.Qf3 Ne5 61.Qb3 Qxb3 62.Rxb3 h5 63.Rb6 Bf8 64.Rb5 Bg7
65.Kg2 Kf7 66.Kh3 Ke6 67.Rxe5+ Bxe5 68.g4 hxg4+ 69.Kxg4 Kf6 70.h5 Bb2 71.h6 Kg6
72.h7 Kxh7  1/2-1/2

[Event "Yerevan"]
[Site "Yerevan"]
[Date "1981.??.??"]
[Round "2"]
[White "Azmaiparashvili, Zurab"]
[Black "Deev, Andrei"]
[Result "1-0"]
[WhiteElo "2380"]
[BlackElo "2200"]

1.c4 e5 2.Nc3 Nf6 3.Nf3 Nc6 4.e3 Be7 5.Be2 O-O 6.O-O d5 7.cxd5 Nxd5 8.d3 Be6
9.Bd2 Qd7 10.a3 a5 11.Qc2 f6 12.Na4 Rfd8 13.Rac1 Qe8 14.Nc5 Bxc5 15.Qxc5 a4
16.e4 Nde7 17.Be3 Ra5 18.Qc3 b6 19.d4 exd4 20.Bxd4 Nxd4 21.Nxd4 Bf7 22.Qb4 Ra7
23.Bb5 c5 24.Qe1 Qf8 25.Ne2 Bb3 26.Nc3 Rd4 27.e5 fxe5 28.Qxe5 Ng6 29.Qg3 Re7
30.Nxa4 Bxa4 31.Bxa4 Nf4 32.Kh1 Ne2 33.Qb3+ Kh8 34.Rcd1 Qb8 35.Rxd4 Nxd4
36.Qd5 Re5 37.Qd7 Re2 38.Bd1 Rxb2 39.Re1 Rxf2 40.Re8+ Rf8 41.Rxb8 Rxb8 42.h3 Rf8
43.Qd6 Rf1+ 44.Kh2 h6 45.Qd8+ Kh7 46.Bc2+  1-0

[Event "Yerevan"]
[Site "Yerevan"]
[Date "1981.??.??"]
[Round "3"]
[White "Gofshtein, Leonid D"]
[Black "Azmaiparashvili, Zurab"]
[Result "1/2-1/2"]
[WhiteElo "2415"]
[BlackElo "2380"]

1.d4 Nf6 2.c4 e6 3.Nc3 d5 4.Nf3 Be7 5.Bg5 O-O 6.e3 h6 7.Bh4 b6 8.Qb3 Bb7
9.Bxf6 Bxf6 10.cxd5 exd5 11.Rd1 c6 12.Bd3 Na6 13.O-O Nc7 14.a3 Re8 15.Bb1 g6
16.Rfe1 Ne6 17.Ba2 Qd7 18.Qa4 Red8 19.Ne5 Bxe5 20.dxe5 Qe7 21.b4 a5  1/2-1/2

[Event "Yerevan"]
[Site "Yerevan"]
[Date "1981.??.??"]
[Round "5"]
[White "Agzamov, Georgy"]
[Black "Azmaiparashvili, Zurab"]
[Result "1/2-1/2"]
[WhiteElo "2435"]
[BlackElo "2380"]

1.d4 Nf6 2.c4 e6 3.Nf3 d5 4.g3 dxc4 5.Bg2 a6 6.Ne5 c5 7.Na3 Qxd4 8.Qxd4 cxd4
9.Naxc4 Nbd7 10.Nxd7 Nxd7 11.O-O Bc5 12.e3 O-O 13.exd4 Bxd4 14.Rd1 e5 15.Be3 Bxe3
16.fxe3 e4 17.Bxe4 Nf6 18.Bg2 Bg4 19.Rd4 Rab8 20.Nd6 b5 21.Rc1 Be6 22.a3 Ng4
23.Rc3 Ne5 24.b3 Rfd8 25.Nb7 Rdc8 26.Rxc8+ Rxc8 27.Nc5 Kf8 28.b4 Ke7 29.h3 Nc4
30.Rd3 Rd8 31.Rxd8 Kxd8 32.Kf2 Nxa3 33.Nxa6 Bc8 34.Nc5 Nc2 35.Bf1 Nxb4 36.Ne4 Nd5
37.Bxb5 Bxh3 38.Ng5 Be6 39.Nxh7 f6 40.Nf8  1/2-1/2

[Event "Yerevan"]
[Site "Yerevan"]
[Date "1981.??.??"]
[Round "6"]
[White "Azmaiparashvili, Zurab"]
[Black "Muratov, Vladimir A"]
[Result "1-0"]
[WhiteElo "2380"]
[BlackElo "2415"]

1.c4 c5 2.Nc3 g6 3.g3 Bg7 4.Bg2 Nc6 5.d3 e6 6.Nf3 Nge7 7.O-O O-O 8.Bd2 d5
9.cxd5 Nxd5 10.Rc1 b6 11.Nxd5 exd5 12.Bc3 Bb7 13.Bxg7 Kxg7 14.d4 c4 15.Ne5 Qd6
16.Ng4 f5 17.Ne3 f4 18.Nc2 b5 19.e3 fxg3 20.hxg3 Rae8 21.Qd2 b4 22.Rfd1 a5
23.e4 b3 24.axb3 cxb3 25.e5 Qd8 26.Ne3 Nb4 27.Rc3 Bc6 28.Rdc1 Qb6 29.Ng4 Kh8
30.Nf6 Rc8 31.Qh6 Qb7 32.Rxc6 Nxc6 33.Rxc6 a4 34.Bxd5 Qg7 35.Qxg7+ Kxg7 36.Ra6 Kh6
37.Rxa4 Rc2 38.Ra7 Rxf6 39.exf6 Rxb2 40.f7  1-0

[Event "Yerevan"]
[Site "Yerevan"]
[Date "1981.??.??"]
[Round "9"]
[White "Rositsan, Max"]
[Black "Azmaiparashvili, Zurab"]
[Result "0-1"]
[WhiteElo "2200"]
[BlackElo "2380"]

1.d4 Nf6 2.c3 b6 3.Bg5 Bb7 4.Nd2 g6 5.Qc2 Bg7 6.e4 O-O 7.Ngf3 d6 8.Bd3 Nbd7
9.Rd1 c5 10.e5 Ne8 11.e6 fxe6 12.h4 Ndf6 13.h5 Nxh5 14.Rxh5 gxh5 15.Bxh7+ Kh8
16.Ke2 Nf6 17.Bg6 Kg8 18.Rh1 Bc6 19.Bxf6 Rxf6 20.Bh7+ Kf8 21.Rxh5 cxd4 22.Ng5 Qe8
23.Rh4 Ba4 24.Qe4 Qb5+ 25.c4 Qxg5 26.Qxa8+ Be8 27.Nf3 Qc1 28.Rg4 Qxb2+ 29.Kf1 Qc1+
30.Ne1 Qxc4+ 31.Bd3 Qc6 32.Qb8 e5 33.Qxa7 Qd7 34.Qxd7 Bxd7 35.Rg5 Bc6 36.Nf3 e4
37.Nxd4 Rxf2+ 38.Kxf2 Bxd4+ 39.Ke2 exd3+ 40.Kxd3 e5 41.g4 Bc5 42.Rf5+ Kg8
43.Rh5 Bf3 44.Rf5 e4+ 45.Kd2 e3+  0-1

[Event "Yerevan"]
[Site "Yerevan"]
[Date "1981.??.??"]
[Round "11"]
[White "Dementiev, Oleg I"]
[Black "Azmaiparashvili, Zurab"]
[Result "1-0"]
[WhiteElo "2490"]
[BlackElo "2380"]

1.e4 c5 2.Nf3 d6 3.c3 Nf6 4.Be2 Nc6 5.d4 cxd4 6.cxd4 Qa5+ 7.Nc3 Nxe4 8.d5 Nxc3
9.bxc3 Nd8 10.O-O e5 11.dxe6 Nxe6 12.Nd4 Be7 13.Bb5+ Kf8 14.Rb1 Qxa2 15.Rb4 d5
16.Rb2 Qa5 17.Nf5 Nc7 18.Nxe7 Kxe7 19.Re1+ Be6 20.Bd3 Rhe8 21.Bf4 Kf8 22.Rxb7 Bg4
23.Rxe8+ Rxe8 24.Bd6+ Kg8 25.f3 Qxc3 26.Rxc7 Qd4+ 27.Kf1 Qb6 28.Bg3 Bh5 29.Qb1 Qe3
30.Bxh7+ Kh8 31.Bd3 a5 32.Rb7 a4 33.Rb8 f6 34.Rxe8+ Bxe8 35.Bf2 Qe5 36.Qe1 Qh5
37.Qe7 Bf7 38.h4 d4 39.Qd8+ Be8 40.g4  1-0

[Event "Yerevan"]
[Site "Yerevan"]
[Date "1981.??.??"]
[Round "13"]
[White "Azmaiparashvili, Zurab"]
[Black "Airapetian, An"]
[Result "1-0"]
[WhiteElo "2380"]
[BlackElo "2200"]

1.c4 Nf6 2.Nc3 g6 3.g3 Bg7 4.Bg2 O-O 5.d3 c6 6.e4 d5 7.cxd5 cxd5 8.e5 Nfd7
9.d4 Nb6 10.Nge2 f6 11.exf6 Rxf6 12.Nf4 Nc6 13.Ncxd5 Nxd5 14.Bxd5+ Kh8 15.Bxc6 bxc6
16.O-O Rd6 17.Qe2 Bxd4 18.Be3 e5 19.Bxd4 exd4 20.Rfe1 Bf5 21.Rad1 Qf6 22.Rd2 a5
23.Qc4 h5 24.h4 Rb8 25.Qc5 Rb5 26.Qa7 Bd7 27.Rde2 Qd8 28.Re7 Rbd5 29.Nxd5 Rxd5
30.R7e5 Rd6 31.Qc5 Qf6 32.Qc1 Be6 33.Rxa5 Kg7 34.Ra7+ Bd7 35.Qd2 d3 36.Re3 Qd4
37.Re7+ Kf8 38.Rh7 Kg8 39.Qh6  1-0

[Event "Yerevan"]
[Site "Yerevan"]
[Date "1981.??.??"]
[Round "15"]
[White "Azmaiparashvili, Zurab"]
[Black "Klovsky, Rafail"]
[Result "1-0"]
[WhiteElo "2380"]
[BlackElo "2200"]

1.c4 e6 2.Nc3 d5 3.d4 c5 4.cxd5 exd5 5.Nf3 Nc6 6.g3 Nf6 7.Bg2 Be7 8.O-O O-O
9.Bg5 c4 10.Ne5 Be6 11.f4 Nxe5 12.fxe5 Ne4 13.Bxe7 Nxc3 14.bxc3 Qxe7 15.a4 f6
16.exf6 Rxf6 17.Rxf6 Qxf6 18.Qf1 Qxf1+ 19.Kxf1 Rd8 20.Rb1 b6 21.Rb5 Kf7 22.a5 Rd6
23.axb6 Rxb6 24.Ra5 Rb3 25.Rxa7+ Kf6 26.Ra5 Rxc3 27.Bxd5 Bxd5 28.Rxd5 g5
29.Ke1 Rc1+ 30.Kd2 Rh1 31.e4 Rxh2+ 32.Kc3 Rh3 33.Kxc4 Rxg3 34.e5+ Ke7 35.Rd6 h5
36.Kd5 h4 37.Rh6 h3 38.Rh7+ Kf8 39.e6 g4 40.e7+ Ke8 41.Kd6 Re3 42.Rh8+ Kf7
43.Rf8+ Kg7 44.Rf4 g3 45.Rg4+ Kf6 46.Rxg3 Re6+ 47.Kd5 Rxe7 48.Rf3+ Kg7 49.Rxh3 Kf8
50.Rh8+ Kg7 51.Rh2 Kf8 52.Kd6 Re1 53.d5 Ke8 54.Rh8+ Kf7 55.Kd7 Ra1 56.Rc8 Ra7+
57.Rc7 Ra8 58.d6 Rb8 59.Rc1 Rb7+ 60.Kc8 Ra7 61.Rc7+  1-0

[Event "Baku"]
[Site "Baku"]
[Date "1983.??.??"]
[Round "?"]
[White "Azmaiparashvili, Zurab"]
[Black "Cvitan, Ognjen"]
[Result "0-1"]
[WhiteElo "2455"]
[BlackElo "2410"]

1.d4 Nf6 2.g3 g6 3.Bg2 d5 4.Nf3 Bg7 5.Ne5 O-O 6.Nd2 Ng4 7.Ndf3 Nxe5 8.Nxe5 c5
9.c3 cxd4 10.cxd4 Nc6 11.Nxc6 bxc6 12.Be3 Qb6 13.Qd2 a5 14.Rc1 a4 15.Qc3 Ba6
16.b4 axb3 17.axb3 Rfc8 18.Qc5 Qxb3 19.Qxe7 Re8 20.Qc5 Rxe3 21.fxe3 Qxe3
22.Bf3 Bxe2 23.Bxe2 Ra2 24.Qc2 Rxc2 25.Rxc2 Qe4  0-1

[Event "Baku"]
[Site "Baku"]
[Date "1983.??.??"]
[Round "?"]
[White "Kirov, Nino"]
[Black "Azmaiparashvili, Zurab"]
[Result "1/2-1/2"]
[WhiteElo "2445"]
[BlackElo "2455"]

1.Nf3 g6 2.d4 Bg7 3.g3 d6 4.Bg2 Nd7 5.O-O e5 6.c4 Ne7 7.Nc3 O-O 8.e4 exd4
9.Nxd4 Nc6 10.Nxc6 bxc6 11.Qc2 Ne5 12.b3 Nf3+ 13.Bxf3 Qf6 14.Bf4 Qxc3 15.Qxc3 Bxc3
16.Rac1 Be5 17.c5 Bxf4 18.gxf4 Bb7  1/2-1/2

[Event "Baku"]
[Site "Baku"]
[Date "1983.??.??"]
[Round "?"]
[White "Azmaiparashvili, Zurab"]
[Black "Toshkov, Tihomir"]
[Result "1-0"]
[WhiteElo "2455"]
[BlackElo "2375"]

1.d4 Nf6 2.Nf3 g6 3.Bg5 Bg7 4.Nbd2 d5 5.e3 O-O 6.Bd3 Nc6 7.c4 Nb4 8.Be2 c5
9.a3 Na6 10.O-O cxd4 11.Nxd4 Nc5 12.Bh4 e5 13.N4f3 d4 14.exd4 exd4 15.Nb3 d3
16.Nxc5 dxe2 17.Qxe2 Re8 18.Qc2 Bf5 19.Qb3 Qc7 20.Nd3 Ne4 21.Rfe1 a5 22.Rac1 Bh6
23.Rcd1 a4 24.Qb4 Bf8 25.c5 Nxc5 26.Rxe8 Rxe8 27.Nxc5 Qxc5 28.Qxa4 Re4 29.Qb3 Rxh4
30.Nxh4 Bc2 31.Qf3 Bxd1 32.Qxd1 Qe5 33.Qb1 Bg7 34.b3 Bf8 35.Nf3 Qe2 36.b4 Bg7
37.h4 b5 38.Qb3 Qb2 39.Qd3 Qxa3  1-0

[Event "Baku"]
[Site "Baku"]
[Date "1983.??.??"]
[Round "?"]
[White "Bagirov, Vladimir"]
[Black "Azmaiparashvili, Zurab"]
[Result "1/2-1/2"]
[WhiteElo "2505"]
[BlackElo "2455"]

1.d4 d6 2.Nf3 g6 3.c4 Bg7 4.Nc3 e5 5.dxe5 dxe5 6.Qxd8+ Kxd8 7.Bg5+ f6 8.O-O-O+ Ke8
9.Bd2 Be6 10.e3 Nh6 11.Be2 Nf7 12.Nb5 Na6 13.Bc3 c6 14.Nd6+ Nxd6 15.Rxd6  1/2-1/2

[Event "Baku"]
[Site "Baku"]
[Date "1983.??.??"]
[Round "?"]
[White "Short, Nigel D"]
[Black "Azmaiparashvili, Zurab"]
[Result "1/2-1/2"]
[WhiteElo "2475"]
[BlackElo "2455"]

1.e4 d6 2.d4 g6 3.Nf3 Bg7 4.Be2 Nf6 5.Nc3 O-O 6.O-O Bg4 7.Be3 Nc6 8.h3 Bxf3
9.Bxf3 e5 10.dxe5 dxe5 11.Ne2 Qe7 12.c3 Rfb8 13.Nc1 a5 14.Qc2 Nd8 15.Nb3 Ne6
16.Nd2 Ne8 17.Rfd1 Bf6 18.g3 Bg5 19.Nf1 Nd6 20.h4 Bxe3 21.Nxe3 c6 22.Rd2 Rd8
23.Rad1 h5 24.Kg2 Nc5 25.b3 Rd7 26.a3 a4 27.b4 Nb3 28.Rd3 Rad8 29.Be2 Qe6
30.Bf1 b5 31.Kh2 Qf6 32.Bh3 Ra7 33.Kg2 Raa8 34.f3 Kg7 35.Qe2 Rab8 36.Qf1  1/2-1/2

[Event "Baku"]
[Site "Baku"]
[Date "1983.??.??"]
[Round "?"]
[White "Azmaiparashvili, Zurab"]
[Black "Sideif Sade, Fikret I"]
[Result "1-0"]
[WhiteElo "2455"]
[BlackElo "2355"]

1.g3 Nf6 2.Bg2 d5 3.d3 c6 4.Nf3 Bg4 5.Nbd2 Nbd7 6.O-O e5 7.h3 Bxf3 8.Bxf3 Bd6
9.e4 dxe4 10.dxe4 O-O 11.a4 a5 12.Nc4 Bc5 13.Bd2 Qc7 14.Qe1 b6 15.Bc3 Rfe8
16.Qd2 Nf8 17.Rad1 Ng6 18.b3 Rad8 19.Qc1 Nd7 20.h4 f6 21.Bg4 Ndf8 22.h5 Nh8
23.Rxd8 Rxd8 24.Bd2 Nf7 25.Rd1 Nd6 26.Nxd6 Rxd6 27.c3 b5 28.b4 Ba7 29.axb5 cxb5
30.bxa5 Qxa5 31.Qb1 Bc5 32.Qb3+ Kh8 33.Qf7 Rxd2 34.Rxd2 Qxc3 35.Be6  1-0

[Event "URS-ch U26"]
[Site "Jurmala"]
[Date "1983.??.??"]
[Round "?"]
[White "Azmaiparashvili, Zurab"]
[Black "Majorovas, Vitalijus"]
[Result "0-1"]
[WhiteElo "2455"]
[BlackElo "2420"]

1.c4 Nf6 2.Nc3 g6 3.e4 d6 4.d4 Bg7 5.f3 O-O 6.Bg5 Nc6 7.Nge2 Re8 8.Qd2 a6
9.h4 e5 10.d5 Nd4 11.O-O-O b5 12.cxb5 Nxb5 13.h5 Qd7 14.g4 c5 15.Bh6 Bh8
16.Ng3 Nxc3 17.Qxc3 Qa4 18.Bc4 Nd7 19.Qc2 Qxc2+ 20.Kxc2 Nb6 21.Be2 Bd7 22.Rh2 Ba4+
23.b3 Bb5 24.Bd2 Bf6 25.a4 Bxe2 26.Nxe2 c4 27.Bb4 Rab8 28.Bxd6 cxb3+ 29.Kxb3 Rb7
30.Ka2 Nc4 31.Ba3 Reb8 32.Nc1 Bg5 33.d6 Rb1 34.f4 exf4 35.hxg6 Bf6 36.gxh7+ Kh8
37.e5 Bxe5 38.Nd3 Rxd1 39.Nxe5 Nxe5 40.Bb2 Rxb2+  0-1

[Event "URS-ch U26"]
[Site "Jurmala"]
[Date "1983.??.??"]
[Round "?"]
[White "Azmaiparashvili, Zurab"]
[Black "Shneider, Aleksandr"]
[Result "1/2-1/2"]
[WhiteElo "2455"]
[BlackElo "2460"]

1.d4 Nf6 2.c4 e6 3.Nc3 Bb4 4.e3 c5 5.Bd3 Nc6 6.Nf3 d5 7.O-O O-O 8.a3 Bxc3
9.bxc3 Qc7 10.cxd5 exd5 11.h3 c4 12.Bc2 Ne7 13.Nd2 Bf5 14.a4 Rfe8 15.Ba3 Bxc2
16.Qxc2 Nc6 17.Rfb1 Ne4 18.Nxe4 Rxe4 19.Rb5 Qd7 20.Rab1 b6 21.Qe2 f5 22.Qh5 Rd8
23.Re1 Qe6 24.Bc1 Qf6 25.g3 h6 26.f3 Re6 27.Rf1 Ne7 28.g4 Kh7 29.e4 dxe4
30.gxf5 a6 31.fxe6 axb5 32.fxe4 Qxe6 33.Qg4 Qxg4+ 34.hxg4 bxa4 35.Ba3 Nc6
36.e5 b5 37.Rb1 b4 38.Bxb4 Nxb4 39.Rxb4 Ra8 40.Rb2 a3 41.Ra2 Kg6 42.Kf2 Kf7
43.g5  1/2-1/2

[Event "URS-ch U26"]
[Site "Jurmala"]
[Date "1983.??.??"]
[Round "?"]
[White "Gavrikov, Viktor"]
[Black "Azmaiparashvili, Zurab"]
[Result "1/2-1/2"]
[WhiteElo "2485"]
[BlackElo "2455"]

1.e4 c5 2.Nf3 d6 3.d4 cxd4 4.Nxd4 Nf6 5.Nc3 a6 6.Be2 e5 7.Nb3 Be7 8.O-O O-O
9.Be3 Qc7 10.a4 b6 11.Qd2 Nc6 12.Nd5 Nxd5 13.exd5 Nd8 14.f4 f5 15.a5 b5 16.Bb6 Qd7
17.c4 bxc4 18.Bxc4 Nf7 19.fxe5 Nxe5 20.Qe2 Bf6 21.Nd4 Nxc4 22.Qxc4 Bxd4+
23.Bxd4 Bb7 24.Rae1 Rac8 25.Qb3 Rce8 26.Rxe8 Rxe8 27.Qd3 Bxd5 28.Qxa6 Re4
29.Qd3 Qe6 30.Bc3 Bc4 31.Qg3 Rg4 32.Qe1 Re4 33.Qg3 Rg4 34.Qe1 Qg6 35.Rf2 Bd5
36.Qd2 Ba8 37.b4 h5 38.b5 Qe8 39.Qe2 Qc8 40.a6 Re4 41.Qa2+ Kh7 42.Qd2 Qc5
43.b6 Qxb6 44.Qg5 Rg4 45.Qxf5+ Rg6 46.Qxh5+ Rh6 47.Qf5+ Rg6 48.h4 Qc5 49.Qxc5 dxc5
50.a7 Rg4 51.Rd2 Rg3 52.Be5 Re3 53.Bxg7 Re7 54.Bc3 Rxa7 55.Rd8 Be4 56.g4 Bf3
57.g5 Ra3 58.Rh8+ Kg6 59.Bf6 Kf5 60.h5 Kf4 61.g6 Rd3 62.Be5+ Kxe5 63.g7 Bd5
64.h6 Kf6 65.Rd8 Rg3+ 66.Kf2 Rg2+ 67.Kf1 Rxg7  1/2-1/2

[Event "URS-ch U26"]
[Site "Jurmala"]
[Date "1983.??.??"]
[Round "?"]
[White "Kharitonov, Andrei Y"]
[Black "Azmaiparashvili, Zurab"]
[Result "1/2-1/2"]
[WhiteElo "2440"]
[BlackElo "2455"]

1.d4 d6 2.Nf3 g6 3.c4 Bg7 4.Nc3 e5 5.g3 Nd7 6.Bg2 Ne7 7.O-O O-O 8.e4 exd4
9.Nxd4 Ne5 10.b3 N5c6 11.Be3 Nxd4 12.Bxd4 Bxd4 13.Qxd4 Be6 14.f4 f6 15.Rad1 Nc6
16.Qf2 Qe7 17.Nd5 Qg7 18.Qb2 a5 19.Qc3 b6 20.Ne3 Bd7 21.Rd2 Rae8 22.Nd5 Be6
23.Ne3 Bd7 24.Nd5 Be6 25.Ne3 Bd7  1/2-1/2

[Event "URS-ch U26"]
[Site "Jurmala"]
[Date "1983.??.??"]
[Round "?"]
[White "Novikov, Igor A"]
[Black "Azmaiparashvili, Zurab"]
[Result "1-0"]
[WhiteElo "2385"]
[BlackElo "2455"]

1.d4 d6 2.e4 g6 3.Nf3 Bg7 4.Be2 Nf6 5.Nc3 O-O 6.O-O Bg4 7.Be3 Nc6 8.Qd2 e5
9.dxe5 dxe5 10.Rad1 Qc8 11.Qc1 Rd8 12.Rxd8+ Qxd8 13.Rd1 Qf8 14.h3 Bxf3 15.Bxf3 a6
16.Nb1 Rd8 17.Rxd8 Qxd8 18.c3 Qd3 19.Nd2 Nd7 20.Qf1 Qc2 21.Qb1 Qxb1+ 22.Nxb1 Bf8
23.Bg4 Nc5 24.Bxc5 Bxc5 25.Bc8 Nd8 26.Nd2 f6 27.b4 Bf8 28.Nb3 Kg7 29.Kf1 c6
30.Ke2 Bd6 31.Na5 c5 32.a3 cxb4 33.cxb4 b6 34.Nc4 Bc7 35.Bxa6 f5 36.exf5 gxf5
37.Ne3 Kg6 38.Bc8 f4 39.Nd5 Bb8 40.Nxb6 Nc6 41.Bb7 Nd4+ 42.Kd3 Ba7 43.Be4+ Kf6
44.Nc8 Bb8 45.Bxh7 Bc7 46.Kc4 Ke6 47.a4 Nc6 48.Be4 Nb8 49.a5 Bd8 50.Kb5 Kd7
51.Nb6+ Kd6 52.a6 Nd7 53.Nxd7 Bb6 54.Nxb6  1-0

[Event "URS-ch U26"]
[Site "Jurmala"]
[Date "1983.??.??"]
[Round "?"]
[White "Vyzmanavin, Alexey"]
[Black "Azmaiparashvili, Zurab"]
[Result "1/2-1/2"]
[WhiteElo "2460"]
[BlackElo "2455"]

1.Nf3 g6 2.d4 Bg7 3.c3 Nf6 4.Bg5 O-O 5.Nbd2 d5 6.e3 b6 7.Bd3 Bb7 8.Bxf6 Bxf6
9.e4 dxe4 10.Bxe4 Qc8 11.O-O Nd7 12.Re1 c5 13.Qb3 cxd4 14.cxd4 Bxe4 15.Nxe4 Qb7
16.h4 Bg7 17.h5 Nf6 18.Nxf6+ Bxf6 19.Ne5 e6 20.Qg3 Bg7 21.Qf4 g5 22.Qxg5 f6
23.Qg4 fxe5 24.h6 exd4 25.Rxe6 Kh8 26.hxg7+ Qxg7 27.Qxg7+ Kxg7 28.Rd1 Rac8
29.Kf1 Rf7 30.Rd2 d3 31.f3 Rd7 32.Kf2 Rc1 33.Re4 Rc5 34.Ke3 Rcd5 35.g4 Kf6
36.Kf4  1/2-1/2

[Event "URS-ch U26"]
[Site "Jurmala"]
[Date "1983.??.??"]
[Round "?"]
[White "Zaichik, Gennadi"]
[Black "Azmaiparashvili, Zurab"]
[Result "1/2-1/2"]
[WhiteElo "2480"]
[BlackElo "2455"]

1.d4 d6 2.e4 g6 3.f4 Bg7 4.Nf3 Bg4 5.c3 d5 6.h3 Bxf3 7.Qxf3 dxe4 8.Qxe4 c6
9.Bd3 Nf6 10.Qf3 Qd5 11.Qe2 O-O 12.O-O e6 13.Be3 Nbd7 14.Rd1 Qa5 15.Qf3 Rfd8
16.Nd2 Qc7 17.Bf2 c5 18.dxc5 Nxc5 19.Bc2 Nd5 20.g3 b5 21.a3 Nb6 22.Qe2 a6
23.Ne4 Nca4 24.Bb3 Qc6 25.Rac1 Nc4 26.Bxa4 bxa4 27.Nc5 Qb5 28.Rxd8+ Rxd8
29.Rd1 Rb8 30.b3 Nxa3 31.c4 Qa5 32.Rd7 axb3 33.Rxf7 b2 34.Rxg7+ Kh8 35.Rg8+ Kxg8
36.Qxe6+ Kg7 37.Qe5+ Kf7 38.Qd5+ Kf8 39.Qd6+ Kf7 40.Qd7+ Kg8 41.Qd5+  1/2-1/2